Loading...
History - American History | 5 | 1 | 0 | 0 | 85 | 33 | 56.00 | 2 | 6 |
History - European History | 2 | 5 | 1 | 0 | 75 | 59 | 71.00 | 2 | 6 |
History - World History | 3 | 3 | 1 | 2 | 70 | 51 | 87.00 | 1 | 3 |
Current Events | 2 | 1 | 0 | 0 | 40 | 54 | 64.00 | 1 | 3 |
History - Other History | 1 | 3 | 1 | 0 | 40 | 61 | 80.75 | 0 | 4 |
Social Science | 2 | 1 | 1 | 0 | 35 | 15 | 45.00 | 2 | 3 |
Philosophy | 1 | 1 | 0 | 0 | 25 | 58 | 73.50 | 1 | 2 |
Science - Chemistry | 0 | 2 | 0 | 0 | 20 | 92 | 94.50 | 0 | 0 |
Literature - British Literature | 0 | 2 | 1 | 1 | 15 | 95 | 111.50 | 0 | 1 |
Religion | 1 | 0 | 0 | 0 | 15 | 44 | 44.00 | 0 | 1 |
Fine Arts - Auditory Fine Arts | 0 | 1 | 0 | 0 | 10 | 111 | 111.00 | 0 | 0 |
Science - Other Science | 0 | 1 | 0 | 0 | 10 | 117 | 117.00 | 0 | 0 |
Other Academic | 0 | 1 | 1 | 0 | 5 | 71 | 71.00 | 0 | 1 |
Science - Biology | 0 | 1 | 1 | 1 | 5 | 130 | 130.00 | 0 | 0 |
Science - Physics | 0 | 0 | 1 | 0 | -5 | 0.00 | 0 | 0 |